000 01213nam0a22002891 4500
001 rc\10695
005 20260406120817.0
035 _a(NLR Aleph) 005299725
090 _a6276543
_c6276543
100 _a20021204d1995 |||y0rusy50 ca
101 0 _arus
102 _aRU
105 _ay |||||||||
200 1 _aВозрождение казачества: история и современность
_eСб. науч. ст. к V всерос. (междунар.) науч. конф. [сент. 1995 г.
_fРедкол.: А.П. Скорик (отв. ред.) и др.]
205 _a2-е изд., испр. и доп.
210 _aНовочеркасск
_cНГТУ
_d1995
215 _a163 с.
_d21
300 _aВ надзаг.: Новочерк. гос. техн. ун-т, Рост. гос. ун-т
320 _aБиблиогр. в конце докл.
702 1 _aСкорик
_bА.П.
_gАлександр Павлович
_4340
712 0 2 _aНовочеркасский технический университет
_3RU\NLR\AUTH\8813277
_9299570
801 0 _aRU
_bNLR
_gpsbo
801 1 _aRU
_bELAR
_2rusmarc
852 _aNLR
_j95-3/5595
852 _aNLR
_jМф К1/31673
942 _cBOOK
980 _aNB